Digital forensics for Handheld Devices (Record no. 13430)

MARC details
000 -LEADER
fixed length control field 00415nam a22001697a 4500
003 - CONTROL NUMBER IDENTIFIER
control field OSt
008 - FIXED-LENGTH DATA ELEMENTS--GENERAL INFORMATION
fixed length control field 250425b |||||||| |||| 00| 0 eng d
020 ## - INTERNATIONAL STANDARD BOOK NUMBER
International Standard Book Number 9781032530710
082 ## - DEWEY DECIMAL CLASSIFICATION NUMBER
Classification number 363.25 DOD
100 ## - MAIN ENTRY--PERSONAL NAME
Personal name DOHERTY,Eamon P
245 ## - TITLE STATEMENT
Title Digital forensics for Handheld Devices
250 ## - EDITION STATEMENT
Edition statement 1st Rep Ed
260 ## - PUBLICATION, DISTRIBUTION, ETC. (IMPRINT)
Place of publication, distribution, etc New York
Name of publisher, distributor, etc CRC Press
Date of publication, distribution, etc 2025
300 ## - PHYSICAL DESCRIPTION
Extent 303
650 ## - SUBJECT ADDED ENTRY--TOPICAL TERM
Topical term or geographic name as entry element Digital forensics
942 ## - ADDED ENTRY ELEMENTS (KOHA)
Source of classification or shelving scheme Dewey Decimal Classification
Koha item type Text Books
Holdings
Withdrawn status Lost status Source of classification or shelving scheme Damaged status Not for loan Collection code Home library Current library Date acquired Source of acquisition Currency Cost, normal purchase price Bill Number Total Checkouts Full call number Acc. no. / Barcode Date last seen Actual Cost, discounted price Bill Date Koha item type
    Dewey Decimal Classification     Computer Science and Engineering in AI & Data Science PIET C-LIBRARY PIET C-LIBRARY 19/04/2025 Zaffa Books INR 2295.00 ZBD0064   363.25 DOD 39562 25/04/2025 1721.25 19/04/2025 Reference Books
    Dewey Decimal Classification     Computer Science and Engineering in AI & Data Science PIET C-LIBRARY PIET C-LIBRARY 19/04/2025 Zaffa Books INR 2295.00 ZBD0064   363.25 DOD 39563 25/04/2025 1721.25 19/04/2025 Text Books
    Dewey Decimal Classification     Computer Science and Engineering in AI & Data Science PIET C-LIBRARY PIET C-LIBRARY 19/04/2025 Zaffa Books INR 2295.00 ZBD0064   363.25 DOD 39564 25/04/2025 1721.25 19/04/2025 Text Books

Design & Developed by: PIET Central Library
R70 Miles Stone Pattikalyana Samalkha Panipat 132102
mail ID :- [email protected], Phone No:- 0180-2569700 Ex.216